My Hero Academia Popularity Polls - Statistics

General Stats
  • This quiz has been taken 173 times
  • The average score is 76 of 100
Answer Stats
Hint Answer % Correct
3 | Eighth Poll>1 | Fifth Poll>1 | +7 others Bakugo
99%
5 | 6 | 7 | 10 All Might
95%
2 | 3 Todoroki
94%
2 Deku
91%
2 | 3 | First Poll>1 Deku
90%
4 | 8 | 9 | 10 Uraraka
82%
4 | 5 | 6 | +2 others Aizawa
80%
4 | 8 Dabi
77%
4 | 5 | 6 | +2 others Kirishima
77%
6 | 9 | 10 Shigaraki
77%
7 | 10 Yaoyorozu
76%
9 Toga
75%
6 | 9 Asui
69%
4 | 6 | 8 Endeavor
66%
4 | 5 | 7 | 8 Hawks
66%
4 | 5 | 6 | +2 others Ida
65%
6 | 8 | 10 Kaminari
62%
7 Jiro
58%
7 Tokoyami
56%
10 Monoma
45%
8 Present Mic
36%
10 Shinso
34%
6 Best Jeanist
29%
9(movie character) Rody Soul
28%
10 Shoji
28%
9 Shindo
15%
No matching quizzes found
Score Distribution
Percent of People with Each Score
Percentile by Number Answered
Your Score History
You have not taken this quiz